| 000 | 00571nam a2200169 4500 | ||
|---|---|---|---|
| 001 | 109659 | ||
| 003 | ES-MaACL | ||
| 005 | 20230906184902.0 | ||
| 007 | t| | ||
| 008 | 061121s1944 sp r ||||1| spa d | ||
| 100 | 1 |
_aOman, Charles. _987031 |
|
| 245 | 1 | 0 |
_aSiete estadistas romanos del final de la República _b: Los Gracos, Sila, Craso , Catón , Pompeyo, César / _cpor sir Charles Oman : [traducción de M. Ontañón]. |
| 260 |
_aMadrid : _bPegaso, _c1944. |
||
| 300 |
_a441 p. ; _c20 cm. |
||
| 700 | 1 |
_aOntañón, M. _987100 |
|
| 852 |
_aES-MaACL _jF-16087 _bR.20828 |
||
| 999 |
_c109659 _d109659 |
||